Elementary Engineering Mathematics (Record no. 1674)

MARC details
000 -LEADER
fixed length control field 00346nam a2200145Ia 4500
008 - FIXED-LENGTH DATA ELEMENTS--GENERAL INFORMATION
fixed length control field 191201s2005 xx 000 0 und d
082 ## - DEWEY DECIMAL CLASSIFICATION NUMBER
Classification number 510
Item number ELG
100 ## - MAIN ENTRY--PERSONAL NAME
Personal name GREWAL, B S
245 #0 - TITLE STATEMENT
Title Elementary Engineering Mathematics
250 ## - EDITION STATEMENT
Edition statement 2nd
260 ## - PUBLICATION, DISTRIBUTION, ETC. (IMPRINT)
Place of publication, distribution, etc N.Delhi
Name of publisher, distributor, etc Khanna Publisher
Date of publication, distribution, etc 2005
300 ## - PHYSICAL DESCRIPTION
Extent 539
650 ## - SUBJECT ADDED ENTRY--TOPICAL TERM
Topical term or geographic name as entry element Applied
942 ## - ADDED ENTRY ELEMENTS (KOHA)
Source of classification or shelving scheme Dewey Decimal Classification
Koha item type Text Books
Holdings
Withdrawn status Lost status Source of classification or shelving scheme Damaged status Not for loan Collection code Home library Current library Date acquired Source of acquisition Cost, normal purchase price Bill Number Total Checkouts Full call number Acc. no. / Barcode Date last seen Date last borrowed Bill Date Koha item type Checked out
    Dewey Decimal Classification     Applied Sc. PIET C-LIBRARY PIET C-LIBRARY 16/03/2007 UBS, DELHI 160.00 125415 18 510 ELG 2979 27/05/2026 09/03/2026 23/08/2005 Text Books  
    Dewey Decimal Classification     Applied Sc. PIET C-LIBRARY PIET C-LIBRARY 16/03/2007 UBS, DELHI 160.00 125415   510 ELG 2980 04/12/2019   23/08/2005 Text Books  
    Dewey Decimal Classification     Applied Sc. PIET C-LIBRARY PIET C-LIBRARY 16/03/2007 UBS, DELHI 160.00 125415   510 ELG 2981 04/12/2019   23/08/2005 Text Books  
    Dewey Decimal Classification     Applied Sc. PIET C-LIBRARY PIET C-LIBRARY 21/08/2006 M/s UBS, Delhi 160.00 125382   510 ELG 3290 04/12/2019   23/08/2005 Reference Books  
    Dewey Decimal Classification     Applied Sc. PIET C-LIBRARY PIET C-LIBRARY 21/08/2006 M/s UBS, Delhi 160.00 125382 19 510 ELG 3291 03/06/2026 03/06/2026 23/08/2005 Text Books 17/06/2026
    Dewey Decimal Classification     Applied Sc. PIET C-LIBRARY PIET C-LIBRARY 23/08/2006 M/s UBS, Delhi 160.00 125382 13 510 ELG 3799 29/12/2025 03/12/2025 23/08/2005 Text Books  
    Dewey Decimal Classification     Applied Sc. PIET C-LIBRARY PIET C-LIBRARY 23/08/2006 M/s UBS, Delhi 160.00 125382 19 510 ELG 3800 27/05/2026 09/03/2026 23/08/2005 Text Books  

Design & Developed by: PIET Central Library
R70 Miles Stone Pattikalyana Samalkha Panipat 132102
mail ID :- [email protected], Phone No:- 0180-2569700 Ex.216